000
00293nam a2200121Ia 4500
008
220216s9999 xx 000 0 und d
245
0
_a
Thai rubber hybrids
260
_b
Rubber International Magazine
_c
2008
300
_a
18-19
650
_a
Rubber hybrids
650
_a
Thaialnd
942
_c
JS
999
_c
70427
_d
70427